| 000 | 00000nam##2200000za#4500 |
| 001 | 9.521298 |
| 003 | CaOODSP |
| 005 | 20210615083020 |
| 007 | ta |
| 008 | 150406|1992||||xxc||||| f|0| 0 eng|d |
| 020 | |a0-660-57474-8 |
| 022 | |a0706-148X |
| 040 | |aCaOODSP|beng |
| 041 | |aeng |
| 041 | |afre |
| 043 | |an-cn--- |
| 086 | 1 |aS52-2/216-1992 |
| 110 | 1 |aCanada.|bSecretary of State of Canada. |bTranslation Bureau. |
| 245 | 10|aVocabulary of public sector auditing / |cby Louiselle Gagnon and Charles Skeete. |
| 260 | |aOttawa - Ontario : |bSecretary of State of Canada. |c1992. |
| 300 | |a291p. ; |c22 cm. |
| 490 | 1 |aTerminology bulletin|x0706-148X|v216 |
| 520 | 3 |aTerminology Bulletin 216. By Louiselle Gagnon and Charles Skeete. This vocabulary is an essential communications tool for all those interested in public sector auditing, whether they are auditors, controllers, accountants, managers, translators, editors, journalists, teachers, students or taxpayers. It contains approximately 1,300 concepts and 360 definitions, including terms from subject fields as varied as accounting, statistics, informatics, financial management and personnel management. |
| 546 | |aBilingual |
| 563 | |aSoftcover |
| 590 | |a92-43|b1992-10-23 |
| 690 | 07|aTerminology|2gcpds |
| 690 | 07|aPublic sector|2gcpds |
| 720 | 1 |aGagnon, Louiselle |
| 720 | 1 |aSkeete, Charles |
| 776 | 0#|tVocabulaire de la vérification publique / |w(CaOODSP)9.590544 |
| 792 | |tVocabulaire de la vérification publique / |efre|w(CaOODSP)9.521299 |
| 830 | #0|aTerminology bulletin,|x0706-148X|v216|w(CaOODSP)9.509598 |